| 000 | 00704nam a2200253#a 4500 | ||
|---|---|---|---|
| 001 | 02470 | ||
| 003 | HDC | ||
| 007 | ta | ||
| 008 | 230623s2004 xx 000 0 eng d | ||
| 020 |
_a9781562539191 _qpaperback |
||
| 040 | _aHDC | ||
| 050 |
_aref TT 969 _b.H35 2004 |
||
| 100 |
_aHalal, John _eauthor |
||
| 245 | 0 |
_aMilady's HAIR-CARE PRODUCT & INGREDIENTS DICTIONARY / _cJOHN HALAL |
|
| 264 |
_aClifton Park, New York : _bDelmar Learning, _c2004 |
||
| 300 |
_avi, 196 pages ; _c 22cm |
||
| 504 | _aBibliography: pages 197-200 | ||
| 650 |
_aHair preparations _xDictionaries |
||
| 650 |
_aHair _xCare and hygiene |
||
| 942 | _2lcc | ||
| 942 | _cBK | ||
| 942 | _kref TT 969 | ||
| 942 | _m.H35 2004 | ||
| 999 |
_c24028 _d24028 |
||